Click the Constellation - Map Quiz - Statistics

General Stats
  • This quiz has been taken 58 times
  • The average score is 20 of 88
Answers on the Map
Answers color-coded by a green-red scale on the quiz's map according to % correct below.
 
Answer Stats
Answer % Correct
Gemini
59%
Orion
59%
Cassiopeia
53%
Leo
53%
Scorpius
53%
Andromeda
47%
Crux
47%
Draco
47%
Cancer
41%
Canis Major
41%
Cepheus
41%
Cygnus
41%
Perseus
41%
Ursa Major
41%
Virgo
41%
Boötes
35%
Hydra
35%
Lynx
35%
Lyra
35%
Pisces
35%
Puppis
35%
Sagittarius
35%
Triangulum
35%
Ursa Minor
35%
Aquarius
29%
Auriga
29%
Capricornus
29%
Cetus
29%
Corona Borealis
29%
Delphinus
29%
Hercules
29%
Libra
29%
Pegasus
29%
Aquila
24%
Camelopardalis
24%
Carina
24%
Centaurus
24%
Coma Berenices
24%
Corona Australis
24%
Crater
24%
Eridanus
24%
Lupus
24%
Phoenix
24%
Scutum
24%
Serpens
24%
Taurus
24%
Triangulum Australe
24%
Vela
24%
Vulpecula
24%
Aries
18%
Canes Venatici
18%
Columba
18%
Lacerta
18%
Leo Minor
18%
Lepus
18%
Sagitta
18%
Sextans
18%
Antlia
12%
Canis Minor
12%
Corvus
12%
Dorado
12%
Equuleus
12%
Grus
12%
Monoceros
12%
Octans
12%
Ophiuchus
12%
Pavo
12%
Piscis Austrinus
12%
Pyxis
12%
Reticulum
12%
Sculptor
12%
Telescopium
12%
Apus
6%
Ara
6%
Caelum
6%
Chamaeleon
6%
Circinus
6%
Indus
6%
Microscopium
6%
Norma
6%
Pictor
6%
Tucana
6%
Volans
6%
Fornax
0%
Horologium
0%
Hydrus
0%
Mensa
0%
Musca
0%
No matching quizzes found
Score Distribution
Percent of People with Each Score
Percentile by Number Answered
Your Score History
You have not taken this quiz